Catálogo

Manual de cirugía oral menor para el odontólogo general / (Registro nro. 29451)

Detalles MARC
000 -LEADER
fixed length control field 01825nam a2200385 i 4500
001 - CONTROL NUMBER
control field 29451
003 - CONTROL NUMBER IDENTIFIER
control field Mx-PuUPA
005 - DATE AND TIME OF LATEST TRANSACTION
control field 20260214104140.0
008 - FIXED-LENGTH DATA ELEMENTS--GENERAL INFORMATION
fixed length control field 140415s2019 ck ado gr 000 0 spa d
017 ## - COPYRIGHT OR LEGAL DEPOSIT NUMBER
Copyright or legal deposit number MI2018000765
020 ## - INTERNATIONAL STANDARD BOOK NUMBER
International Standard Book Number 9789804300349
Qualifying information pasta dura
040 ## - CATALOGING SOURCE
Transcribing agency Mx-PuUPA
Original cataloging agency Mx-PuUPA
Language of cataloging spa
Modifying agency Mx-PuUPA
Description conventions rda
041 1# - LANGUAGE CODE
Language code of text/sound track or separate title spa
Language code of original eng
240 10 - UNIFORM TITLE
Uniform title Manual of minor of oral surgery for the general dentist.
Language of a work Español
245 00 - TITLE STATEMENT
Title Manual de cirugía oral menor para el odontólogo general /
Statement of responsibility, etc. editado por Pushkar Mehra, Richard D'Innocenzo ; traducción, Dr. Alessandro Lombardi R.
250 ## - EDITION STATEMENT
Edition statement Segunda edición
250 ## - EDITION STATEMENT
Edition statement Edición Año 2019
264 #1 - PRODUCTION, PUBLICATION, DISTRIBUTION, MANUFACTURE, AND COPYRIGHT NOTICE
Place of production, publication, distribution, manufacture Medellín, Colombia :
Name of producer, publisher, distributor, manufacturer AMOLCA, Actualidades Médicas,
Date of production, publication, distribution, manufacture, or copyright notice ©2019
300 ## - PHYSICAL DESCRIPTION
Extent ix, 299 páginas :
Other physical details ilustraciones, gráficas, fotografías, tablas (en color) ;
Dimensions 29 cm
336 ## - CONTENT TYPE
Fuente rdacontent
Content type term texto
Content type code txt
336 ## - CONTENT TYPE
Fuente rdacontent
Content type term imagen fija
Content type code sti
337 ## - MEDIA TYPE
Source rdamedia
Media type term sin medio
Media type code n
338 ## - CARRIER TYPE
Source rdacarrier
Carrier type term volumen
Carrier type code nc
650 #7 - SUBJECT ADDED ENTRY--TOPICAL TERM
Source of heading or term armarc
Topical term or geographic name entry element Procedimientos quirúrgicos orales
General subdivision Métodos
650 #7 - SUBJECT ADDED ENTRY--TOPICAL TERM
Source of heading or term armarc
Topical term or geographic name entry element Procedimientos quirúrgicos menores
General subdivision Métodos
700 1# - ADDED ENTRY--PERSONAL NAME
Personal name Mehra, Pushkar,
Relator term editor
9 (RLIN) 17825
700 1# - ADDED ENTRY--PERSONAL NAME
Personal name Innocenzo, Richard D',
Relator term editor
700 1# - ADDED ENTRY--PERSONAL NAME
Personal name Lombardi R., Alessandro,
Relator term traductor
765 0# - ORIGINAL LANGUAGE ENTRY
Main entry heading Mehra, Pushkar,
Edition Second edition
Place, publisher, and date of publication [Lugar de publicación no identificado] : JOhn Wiley & Sons, ©2017
Title Manual of minor of oral surgery for the general dentist.
International Standard Book Number 9781118432150
942 ## - ADDED ENTRY ELEMENTS (KOHA)
Source of classification or shelving scheme Dewey Decimal Classification
Koha item type Libro
Classification part 617.605
Item part M26
Existencias
Withdrawn status Lost status Source of classification or shelving scheme Damaged status Not for loan Collection code Home library Current library Shelving location Date acquired Source of acquisition Cost, normal purchase price Total Checkouts Full call number Barcode Date last seen Cost, replacement price Price effective from Koha item type
    Dewey Decimal Classification     General Biblioteca Karol Wojtyla Biblioteca Karol Wojtyla Sala general 06/01/2026 11 2079.00   617.605 M26 2019 106264 17/02/2026 2079.00 06/01/2026 Reserva permanente